书目信息 |
| 题名: |
戏剧化妆常识
|
|
| 作者: | 封顺 著 | |
| 分册: | ||
| 出版信息: | 北京 中国戏剧出版社 1982 |
|
| 页数: | 102页 | |
| 开本: | 19cm | |
| 丛书名: | ||
| 单 册: | ||
| 中图分类: | J815 | |
| 科图分类: | ||
| 主题词: | 戏剧-化妆--基本知识 , 化妆-戏剧--基本知识 | |
| 电子资源: | ||
| ISBN: | ||
| 000 | 00660nam0 2200241 45 | |
| 001 | 0182007333 | |
| 005 | 20070801142814.60 | |
| 010 | @dCNY0.45 | |
| 091 | @a8069.219 | |
| 100 | @a19950626d1982 em y0chiy0121 ea | |
| 101 | 0 | @achi |
| 102 | @aCN@b110000 | |
| 105 | @af z 000yy | |
| 200 | 10 | @a戏剧化妆常识@Axi ju hua zhuang chang shi@f封顺著@Ffeng shun zhu |
| 210 | @a北京@c中国戏剧出版社@d1982 | |
| 215 | @a102页@c图@d19cm | |
| 606 | @a戏剧-化妆@x基本知识 | |
| 606 | @a化妆-戏剧@x基本知识 | |
| 690 | @aJ815@v3 | |
| 701 | 0 | @a封顺@Afeng shun@4著 |
| 801 | 0 | @aCN@b上海图书馆@c20070801 |
| 801 | 2 | @aCN@bNLC@c20051125 |
| 905 | @f2@b209078-079@dJ815@e19 | |
| 戏剧化妆常识/封顺著.-北京:中国戏剧出版社,1982 |
| 102页:图;19cm |
| ISBN :CNY0.45 |
| ● |
| 相关链接 |
|
|
|
|
正题名:戏剧化妆常识
索取号:J815/19
 
预约/预借
| 序号 | 登录号 | 条形码 | 馆藏地/架位号 | 状态 | 备注 |
| 1 | 0209078 | 001223866 | 密集书库/ [索取号:J815/19] | 在馆 | |
| 2 | 0209079 | 001223857 | 第一借阅区/ [索取号:J815/19] | 在馆 | |
| 3 | 0209080 | 202151839 | 密集书库/ [索取号:J815/19] | 在馆 | |
| 4 | 0209081 | 001223848 | 第一样本阅览室/ [索取号:J815/19] | 在馆 | |
| 5 | 0785558 | 207855588 | 密集书库/ [索取号:J815/19] | 在馆 | |
| 6 | 0790536 | 207905365 | 密集书库/ [索取号:J815/19] | 在馆 |